000 01118nam a22003257a 4500
003 CHAP
005 20220329134533.0
008 971013s1988 r 10010 d
010 _a21832
011 _a22804
035 _a26899
040 _cCHAP
090 _aFolleto 12067 (1988)
111 0 0 _aAsociación Mexicana de Técnicos de las Industrias de la Celulosa y del Papel, A.C. Reunión Anual (
_n28
_d: 1988
_c: México, D.F.)
_98074
245 _aPrograma técnico
260 _aMéxico, D.F. :
_bLa Asociación,
_c1988
300 _a32 h
590 _aBATCH-UPD
_b10
_c20130109
_lUCH01
_h2357
590 _aBATCH-UPD
_b10
_c20130110
_lUCH01
_h1742
590 _aBATCH-UPD
_b10
_c20130409
_lUCH01
_h1930
590 _aBATCH-UPD
_b10
_c20130410
_lUCH01
_h1121
590 _aBATCH-UPD
_b10
_c20130914
_lUCH01
_h0420
590 _aBATCH-UPD
_b10
_c20130914
_lUCH01
_h2118
590 _aCONVERSION
_b10
_c20130109
_lUCH01
_h1313
650 1 4 _aCelulosa
_xFabricación y comercio.
_920919
650 1 4 _aPapel
_xFabricación y comercio.
_985372
901 _aBK
942 _cFOLL
949 _bBC
_cFOLL
_d-62077
_eTS1
_i26899
_mD
_si
999 _c21832
_d21832